000 00752nam a22002297a 4500
001 48930
003 BD-RjUL
005 20211209054617.0
008 160817b2009 bg ||||| |||| 00| 0 ben d
020 _a4864860046
_c: TK 69.00
035 _a(BD-RjUL) 49049
040 _aBD-RjUL
_bben
_cBD-RjUL
041 _aben
082 _223
_a891.441
_bSOB 2009
100 1 0 _aসোহাগ, শরীফ
_9147372
245 _aবিমূর্ত সন্ন্যাস /
_cশরীফ সোহাগ
260 _aরাজশাহী :
_bতৃতীয় নয়ন,
_c২০০৯
300 _a৪৮ পৃ.;
_c১২ সে.মি.
650 _aবাংলা কবিতা
_9147389
650 _aBengli poetry
_9120945
942 _2ddc
_cBK
999 _c48930
_d48930